00705nam a22001097a 4500040000900000082002700009100001300036245040400049260002900453300002600482856008700508 cRUA  aAVM CHE 2009 B088 Or.1 aCHEA TY  asurvey on efficency of medicne for treatment of respiratory disease in dogs at animal clinic navetco, (ការអង្កេតអំពីប្រសិទ្ធភាពឱសថក្នុងការព្យាបាលជំងឺរលាកផ្លូវដង្ហើមលើសត្វសុនខ នៅគ្លីនិចព្យាបាលសត្វណាវេតកូ) aphnom penh brua c2009  aix, 34p.bill.c29cm. uhttps://drive.google.com/file/d/1JWnSvEnuNZCkqk4v0w3R5lN-9R0MyKtz/view?usp=sharing